Missing Word: #1 Hits of 1988 Quiz Stats

 Plays Quiz Updated Nov 28, 2014

Challenge
Share
Tweet
Embed
Score 0/18 Timer 03:00
4 Plays Today
#1 Hit Song Missing Word % Correct
Don't Worry, Be ____Happy
98.6%
Every _____ Has Its ThornRose
97.1%
_____ Gonna Give You UpNever
95.1%
_____ Red WineRed
89.9%
Man in the _____Mirror
89.4%
Sweet _____ o' MineChild
88.9%
_____ More TryOne
85.7%
Got My _____ Set on YouMind
84.5%
_____ MedicineBad
72.1%
#1 Hit Song Missing Word % Correct
Together _____Forever
67.6%
Wishing _____Well
65.9%
Roll With _____It
64.6%
Need You _____Tonight
57.4%
_____ EmotionalSo
55.2%
Dirty _____Diana
54.1%
Father _____Figure
46%
Seasons _____Change
37.5%
Hold On to the _____Nights
16.7%

Today's Daily Dose

You're not logged in!

Compare scores with friends on all Sporcle quizzes.
OR
Log In

You Might Also Like...

Show Comments

Extras

Top Quizzes Today


Score Distribution

Your Account Isn't Verified!

In order to create a playlist on Sporcle, you need to verify the email address you used during registration. Go to your Sporcle Settings to finish the process.

Report this User

Report this user for behavior that violates our Community Guidelines.

Details: